Fooball fandom and post-national indentity in the new europe
Wedi'i Gadw mewn:
| Prif Awdur: | |
|---|---|
| Fformat: | Texto |
| Cyhoeddwyd: |
[London]:
Routledge Journals,
Taylor & Francis
|
| Pynciau: | |
| Tagiau: |
Ychwanegu Tag
Dim Tagiau, Byddwch y cyntaf i dagio'r cofnod hwn!
|
MARC
| LEADER | 00000 a a2200000 04500 | ||
|---|---|---|---|
| 001 | 32680 | ||
| 003 | |||
| 040 | |||
| 090 | |a 203500 | ||
| 100 | |a King, Anthony | ||
| 245 | |a Fooball fandom and post-national indentity in the new europe | ||
| 260 | |a [London]: |b Routledge Journals, |c Taylor & Francis | ||
| 300 | |a pp. 419-442 | ||
| 500 | |a Publicado en: British Journal of Sociology vol. 51, no 3, september 2000 | ||
| 650 | |a FUTBOL | ||
| 650 | |a IDENTIDAD | ||
| 650 | |a COMUNIDADES EUROPEAS | ||
| 999 | |c 8198 |d 8198 | ||
